[Event "ENCI Limburg-open A"]
[Site "Maastricht"]
[Date "2009.05.31"]
[Round "4"]
[White "Oosterman, Maarten Jan"]
[Black "Friesen, Boris"]
[Result "0-1"]
[WhiteElo "2005"]
[BlackElo "2114"]
[PlyCount "90"]
[EventDate "2009.05.29"]
[EventType "swiss"]
[EventRounds "7"]
[EventCountry "NED"]
[Source "P.Boonen"]
[SourceDate "2010.01.01"]

1. e4 e6 2. d4 d5 3. Nd2 Nf6 4. e5 Nfd7 5. Bd3 c5 6. c3 Nc6 7. Ne2 Qb6 8. Nf3
cxd4 9. cxd4 f6 10. exf6 Nxf6 11. O-O Bd6 12. b3 O-O 13. Bb2 Bd7 14. Rc1 Be8
15. Ng5 Ne7 16. f4 Bf7 17. Bb1 Nf5 18. Qd3 Rae8 19. Nxf7 Rxf7 20. Kh1 Qd8 21.
Ng1 Ne4 22. Nh3 Qh4 23. Rce1 Ref8 24. Rxe4 dxe4 25. Qxe4 Qh6 26. Kg1 Ne7 27.
Bc1 Qg6 28. f5 Nxf5 29. Nf4 Bxf4 30. Bxf4 Nh4 31. g3 Qxe4 32. Bxe4 g5 33. gxh4
Rxf4 34. Rxf4 Rxf4 35. Bxb7 Rxh4 36. d5 e5 37. Ba6 Rd4 38. Kg2 Kf7 39. Kf3 Ke7
40. Bc4 Kd6 41. a4 a5 42. h3 h5 43. Kg3 Rxd5 44. Bxd5 Kxd5 45. Kf3 Kd4 0-1

[Event "ENCI Limburg-open A"]
[Site "Maastricht"]
[Date "2009.05.31"]
[Round "4"]
[White "Op den Kelder, Joram"]
[Black "Nabuurs, Mart"]
[Result "1-0"]
[WhiteElo "2265"]
[BlackElo "2108"]
[PlyCount "53"]
[EventDate "2009.05.29"]
[EventType "swiss"]
[EventRounds "7"]
[EventCountry "NED"]
[Source "P.Boonen"]
[SourceDate "2010.01.01"]

1. Nf3 d5 2. d4 e6 3. c4 c6 4. e3 Bd6 5. b3 Nf6 6. Bd3 Nbd7 7. Bb2 O-O 8. O-O
Re8 9. Ne5 c5 10. Nd2 b6 11. Qe2 Bb7 12. Rad1 Qc7 13. f4 Ne4 14. cxd5 exd5 15.
Nxe4 dxe4 16. Bb5 Bxe5 17. dxe5 Re7 18. Qg4 Nf8 19. f5 g6 20. Rd6 a6 21. Bc4 b5
22. fxg6 hxg6 23. Rxg6+ Nxg6 24. Qxg6+ Kf8 25. e6 bxc4 26. Qg7+ Ke8 27. Qg8#
1-0

[Event "ENCI Limburg-open A"]
[Site "Maastricht"]
[Date "2009.05.31"]
[Round "4"]
[White "Ranucci, Marcello"]
[Black "Vrancken, Gilbert"]
[Result "0-1"]
[WhiteElo "1950"]
[BlackElo "2094"]
[PlyCount "60"]
[EventDate "2009.05.29"]
[EventType "swiss"]
[EventRounds "7"]
[EventCountry "NED"]
[Source "P.Boonen"]
[SourceDate "2010.01.01"]

1. e4 c5 2. Nf3 Nc6 3. d4 cxd4 4. Nxd4 g6 5. Nc3 Bg7 6. Be3 Nf6 7. f3 O-O 8.
Nxc6 bxc6 9. e5 Nd5 10. Nxd5 cxd5 11. Qxd5 Rb8 12. Bxa7 Rxb2 13. Bd4 Rb8 14.
Bd3 d6 15. exd6 Be6 16. Qe4 Qa5+ 17. c3 Bf5 18. Qe3 e5 19. O-O exd4 20. cxd4
Qd5 21. Be4 Qxd4 22. Rae1 Qxe3+ 23. Rxe3 Bd4 24. Rfe1 Bxe4 25. fxe4 f5 26. g3
fxe4 27. Kg2 Bxe3 28. Rxe3 Rb2+ 29. Kh3 Rxa2 30. Rxe4 Rd2 0-1

[Event "ENCI Limburg-open A"]
[Site "Maastricht"]
[Date "2009.05.31"]
[Round "4"]
[White "Rendboe, John"]
[Black "Bijlsma, Nick"]
[Result "1-0"]
[WhiteElo "2199"]
[BlackElo "2078"]
[PlyCount "70"]
[EventDate "2009.05.29"]
[EventType "swiss"]
[EventRounds "7"]
[EventCountry "NED"]
[Source "P.Boonen"]
[SourceDate "2010.01.01"]

1. d4 g6 2. c4 Bg7 3. Nc3 c5 4. d5 Bxc3+ 5. bxc3 f5 6. Nf3 Qa5 7. Qb3 d6 8. g3
Nd7 9. Bg2 Nb6 10. O-O Bd7 11. Nd2 Nf6 12. e4 fxe4 13. Nxe4 Nxe4 14. Bxe4 O-O-O
15. Bd3 e6 16. dxe6 Bxe6 17. Bg5 Rde8 18. Bf4 d5 19. cxd5 Bxd5 20. c4 Bc6 21.
Qb2 Nd7 22. Rfc1 Qd8 23. Bf1 g5 24. Bd6 g4 25. Bg2 Bxg2 26. Kxg2 Qg5 27. Rab1
b6 28. Re1 Qf6 29. Qxf6 Nxf6 30. Be5 Re6 31. Bxf6 Rxf6 32. Re7 Rhf8 33. Rb2
R6f7 34. Rbe2 Kd8 35. Rxf7 Rxf7 1-0

[Event "ENCI Limburg-open A"]
[Site "Maastricht"]
[Date "2009.05.31"]
[Round "4"]
[White "Schlawin, Marlon"]
[Black "Andok, Claus Michael"]
[Result "1-0"]
[WhiteElo "2316"]
[BlackElo "2085"]
[PlyCount "139"]
[EventDate "2009.05.29"]
[EventType "swiss"]
[EventRounds "7"]
[EventCountry "NED"]
[Source "P.Boonen"]
[SourceDate "2010.01.01"]

1. e4 c6 2. d4 d5 3. e5 Bf5 4. Nf3 e6 5. Be2 Na6 6. O-O Nc7 7. b3 h6 8. c4 Ne7
9. Ba3 Ng6 10. Bxf8 Nxf8 11. Nc3 Nd7 12. Bd3 Bg4 13. h3 Bxf3 14. Qxf3 Qh4 15.
Qe3 c5 16. dxc5 d4 17. Qe4 Qxe4 18. Nxe4 Na6 19. f4 Ndxc5 20. Rad1 O-O 21. Bb1
Nxe4 22. Bxe4 Rad8 23. Bxb7 Nc5 24. Bc6 a5 25. Rf2 Rc8 26. Bb5 Ne4 27. Rf3 Nc3
28. Rd2 Rfd8 29. Kf1 Rb8 30. Bc6 Rbc8 31. Bb7 Rb8 32. Bc6 Rbc8 33. Rfd3 f5 34.
Bf3 Nb1 35. Rb2 Nc3 36. Rbd2 Nb1 37. Rb2 Nc3 38. Ke1 g5 39. g4 Ne4 40. Re2 Nc5
41. Rd1 d3 42. Rg2 fxg4 43. Bxg4 Rd4 44. fxg5 Re4+ 45. Kd2 hxg5 46. Re1 Rf4 47.
Bd1 Rf5 48. h4 Kg7 49. Rxg5+ Rxg5 50. hxg5 Kg6 51. a3 Kf5 52. g6 Rg8 53. b4
axb4 54. axb4 Nd7 55. Kxd3 Nxe5+ 56. Kc3 Nxg6 57. Bc2+ Kf6 58. Bxg6 Rxg6 59.
Kd4 Ke7 60. Kc5 Kd7 61. Re5 Kc7 62. Rh5 Rg7 63. b5 Rf7 64. b6+ Kb7 65. Kb5 Rf5+
66. Rxf5 exf5 67. c5 f4 68. Kc4 Kc6 69. Kd4 f3 70. Ke3 1-0

[Event "ENCI Limburg-open A"]
[Site "Maastricht"]
[Date "2009.05.31"]
[Round "4"]
[White "Schut, Lisa"]
[Black "Klimov, Sergey"]
[Result "0-1"]
[WhiteElo "2196"]
[BlackElo "2521"]
[PlyCount "50"]
[EventDate "2009.05.29"]
[EventType "swiss"]
[EventRounds "7"]
[EventCountry "NED"]
[Source "P.Boonen"]
[SourceDate "2010.01.01"]

1. e4 c5 2. Nf3 d6 3. d4 cxd4 4. Nxd4 Nf6 5. Nc3 Nc6 6. Bc4 e6 7. Be3 a6 8. Qe2
Qc7 9. Bb3 Na5 10. g4 b5 11. g5 Nd7 12. Bxe6 fxe6 13. Nxe6 Qc4 14. Qh5+ g6 15.
Qh3 Nc5 16. Nc7+ Kd8 17. Qf3 Kxc7 18. Nd5+ Kb8 19. Bxc5 Qxc5 20. Qf6 Qxc2 21.
O-O Qxe4 22. Qxh8 Qg4+ 23. Kh1 Qf3+ 24. Kg1 Bh3 25. Ne3 Nc4 0-1

[Event "ENCI Limburg-open A"]
[Site "Maastricht"]
[Date "2009.05.31"]
[Round "4"]
[White "Simenon, Jozef"]
[Black "Breuker, Dennis M"]
[Result "1/2-1/2"]
[WhiteElo "2213"]
[BlackElo "2081"]
[PlyCount "30"]
[EventDate "2009.05.29"]
[EventType "swiss"]
[EventRounds "7"]
[EventCountry "NED"]
[Source "P.Boonen"]
[SourceDate "2010.01.01"]

1. c4 e5 2. Nc3 Bb4 3. g3 Bxc3 4. dxc3 Ne7 5. Bg2 d6 6. e4 Be6 7. Qe2 Nbc6 8.
Nf3 f6 9. Nd2 O-O 10. Nf1 Qd7 11. Ne3 Bh3 12. Bxh3 Qxh3 13. Bd2 f5 14. exf5
Nxf5 15. O-O-O Nce7 1/2-1/2

[Event "ENCI Limburg-open A"]
[Site "Maastricht"]
[Date "2009.05.31"]
[Round "4"]
[White "Simenon, Stefan"]
[Black "Dgebuadze, Alexandre"]
[Result "0-1"]
[WhiteElo "2109"]
[BlackElo "2539"]
[PlyCount "113"]
[EventDate "2009.05.29"]
[EventType "swiss"]
[EventRounds "7"]
[EventCountry "NED"]
[Source "P.Boonen"]
[SourceDate "2010.01.01"]

1. d4 Nf6 2. Nf3 e6 3. Bf4 b6 4. e3 Bb7 5. Nbd2 Nc6 6. c3 h6 7. h3 Bd6 8. Bxd6
cxd6 9. Be2 O-O 10. O-O d5 11. Qa4 Ne4 12. Ba6 Bxa6 13. Qxa6 f5 14. Qd3 Rc8 15.
Rac1 b5 16. b3 Qa5 17. Rc2 Rc7 18. Rfc1 Rfc8 19. Ne1 Qb6 20. f3 Nf6 21. Kh1 a5
22. a3 a4 23. b4 Ne7 24. Qe2 Qc6 25. Nd3 d6 26. f4 Ne4 27. Nxe4 dxe4 28. Nb2
Qa6 29. Nd1 Nd5 30. Qh5 Qc6 31. g4 Qd7 32. g5 Qf7 33. Qh4 hxg5 34. Qxg5 Qf6 35.
Qg3 Kf7 36. Kh2 Qh6 37. Kg2 Rg8 38. Kh2 Rgc8 39. Kg2 Rc6 40. Kh2 Kf6 41. h4 Kf7
42. Kh3 Qf6 43. Kh2 Rc4 44. Kh3 Qg6 45. Qg5 Qxg5 46. hxg5 e5 47. dxe5 dxe5 48.
Kg3 Ke6 49. fxe5 Kxe5 50. Kf2 g6 51. Kg3 R4c7 52. Kf2 Rh8 53. Kg3 Rh1 54. Rh2
Rxd1 55. Rxd1 Nxe3 56. Rg1 f4+ 57. Kf2 0-1

[Event "ENCI Limburg-open A"]
[Site "Maastricht"]
[Date "2009.05.31"]
[Round "4"]
[White "Sprangers, Remco"]
[Black "Reyniers, Pieter"]
[Result "1-0"]
[WhiteElo "2231"]
[BlackElo "2029"]
[PlyCount "63"]
[EventDate "2009.05.29"]
[EventType "swiss"]
[EventRounds "7"]
[EventCountry "NED"]
[Source "P.Boonen"]
[SourceDate "2010.01.01"]

1. e4 c5 2. Nf3 d6 3. d4 cxd4 4. Nxd4 Nf6 5. Nc3 a6 6. Bg5 e6 7. f4 Qb6 8. Qd2
Qxb2 9. Rb1 Qa3 10. e5 dxe5 11. fxe5 h6 12. Bh4 Nfd7 13. Ne4 Qxa2 14. Rd1 Qd5
15. Qe3 Bc5 16. Be2 Qxe5 17. Bg3 Bxd4 18. Rxd4 Qa5+ 19. Rd2 O-O 20. Bd6 Nc6 21.
g4 f6 22. h4 Qb6 23. Qg3 Nd4 24. Qf2 Nxe2 25. Qxe2 Ne5 26. g5 Rf7 27. gxf6 gxf6
28. Bc5 Qc7 29. Rg1+ Kh7 30. Qg2 Rg7 31. Nxf6+ Kh8 32. Qxg7+ 1-0

[Event "ENCI Limburg-open A"]
[Site "Maastricht"]
[Date "2009.05.31"]
[Round "4"]
[White "Stopa, Jacek"]
[Black "Van Gool, Henk"]
[Result "1-0"]
[WhiteElo "2471"]
[BlackElo "2125"]
[PlyCount "87"]
[EventDate "2009.05.29"]
[EventType "swiss"]
[EventRounds "7"]
[EventCountry "NED"]
[Source "P.Boonen"]
[SourceDate "2010.01.01"]

1. e4 c5 2. Nf3 d6 3. d4 cxd4 4. Nxd4 Nf6 5. Nc3 a6 6. Bg5 e6 7. f4 Qc7 8. Qf3
Nbd7 9. O-O-O b5 10. Bd3 Bb7 11. Rhe1 Qc5 12. Nb3 Qb6 13. Kb1 Rb8 14. a3 b4 15.
axb4 Qxb4 16. Bf1 Nc5 17. Rd4 Nxb3 18. Rxb4 Nd2+ 19. Kc1 Nxf3 20. gxf3 Nd7 21.
Ra4 Nc5 22. Ra5 Bc8 23. Rd1 f6 24. Bh4 Be7 25. Bf2 O-O 26. Bc4 Rb4 27. Rd4 Kh8
28. Na2 Rb6 29. b4 Nb7 30. Rxa6 Rxa6 31. Bxa6 e5 32. Rc4 Be6 33. Rc7 Bxa2 34.
Rxb7 Bd8 35. c4 Bb3 36. f5 g6 37. Rd7 gxf5 38. exf5 d5 39. Rxd5 Be7 40. Kb2 Ba4
41. Bc5 Rf7 42. b5 Bd1 43. b6 Bxf3 44. Rd7 1-0

[Event "ENCI Limburg-open A"]
[Site "Maastricht"]
[Date "2009.05.31"]
[Round "4"]
[White "Sundararajan, Kidambi"]
[Black "Solodovnichenko, Yuri"]
[Result "0-1"]
[WhiteElo "2487"]
[BlackElo "2564"]
[PlyCount "72"]
[EventDate "2009.05.29"]
[EventType "swiss"]
[EventRounds "7"]
[EventCountry "NED"]
[Source "P.Boonen"]
[SourceDate "2010.01.01"]

1. d4 Nf6 2. Nf3 c5 3. d5 b5 4. Bg5 Qb6 5. Bxf6 Qxf6 6. c3 d6 7. e4 a6 8. Nbd2
g5 9. e5 Qf5 10. exd6 g4 11. Nh4 Qxd5 12. Be2 h5 13. O-O Bh6 14. dxe7 Bxd2 15.
Qc2 Qg5 16. Rad1 Qxh4 17. Qe4 Qxe7 18. Qxa8 Bf4 19. Rfe1 Be6 20. a4 c4 21. axb5
axb5 22. Qa5 Qg5 23. g3 Bd2 24. Bxc4 Bxe1 25. Bxb5+ Kf8 26. Rxe1 Kg7 27. c4 Qf6
28. b4 Rc8 29. c5 Nc6 30. Bxc6 Rxc6 31. Qa3 Bc4 32. Qc1 Bb5 33. Re4 Ra6 34. Re1
Ra2 35. Qe3 Rb2 36. Rc1 Bc6 0-1

[Event "ENCI Limburg-open A"]
[Site "Maastricht"]
[Date "2009.05.31"]
[Round "4"]
[White "Swinkels, Robin"]
[Black "Panchanathan, Magesh"]
[Result "1/2-1/2"]
[WhiteElo "2499"]
[BlackElo "2462"]
[PlyCount "119"]
[EventDate "2009.05.29"]
[EventType "swiss"]
[EventRounds "7"]
[EventCountry "NED"]
[Source "P.Boonen"]
[SourceDate "2010.01.01"]

1. e4 e5 2. Nf3 Nc6 3. Bb5 a6 4. Bxc6 dxc6 5. O-O Qf6 6. d4 exd4 7. Bg5 Qd6 8.
Nxd4 Bd7 9. Nc3 Ne7 10. Nb3 Qxd1 11. Raxd1 f6 12. Bf4 O-O-O 13. Nc5 Ng6 14.
Rxd7 Rxd7 15. Nxd7 Kxd7 16. Rd1+ Bd6 17. Ne2 Rd8 18. Bg3 Ke8 19. Kf1 h5 20.
Bxd6 cxd6 21. Nd4 Nf8 22. c4 g6 23. f4 Kf7 24. f5 Re8 25. fxg6+ Kxg6 26. Nf5
Rxe4 27. Nxd6 Rf4+ 28. Ke2 b5 29. g3 Rg4 30. Ke3 Ne6 31. cxb5 cxb5 32. Ne4 Ng5
33. Nf2 Ra4 34. a3 h4 35. Rd6 hxg3 36. hxg3 Kf5 37. Rb6 Kg6 38. Rc6 Kf5 39.
Rc5+ Kg6 40. Rc3 Nf7 41. Nd3 Ne5 42. Nxe5+ fxe5 43. b4 Kf5 44. g4+ Kxg4 45. Ke4
Kg5 46. Kxe5 Kg4 47. Rb3 Kg5 48. Rg3+ Kh4 49. Kf4 Kh5 50. Kf5 Kh6 51. Rf3 Kg7
52. Kg5 a5 53. Re3 axb4 54. axb4 Ra1 55. Rd3 Rb1 56. Rd7+ Kf8 57. Kf6 Ke8 58.
Rd4 Rc1 59. Rd5 Rc4 60. Rxb5 1/2-1/2

[Event "ENCI Limburg-open A"]
[Site "Maastricht"]
[Date "2009.05.31"]
[Round "4"]
[White "Van Mechelen, Jan"]
[Black "Pedersen, Lars Erik"]
[Result "1/2-1/2"]
[WhiteElo "2282"]
[BlackElo "2049"]
[PlyCount "35"]
[EventDate "2009.05.29"]
[EventType "swiss"]
[EventRounds "7"]
[EventCountry "NED"]
[Source "P.Boonen"]
[SourceDate "2010.01.01"]

1. d4 d5 2. c4 e6 3. Nf3 c5 4. cxd5 exd5 5. g3 Nc6 6. Bg2 Nf6 7. O-O Be7 8. Nc3
O-O 9. Bg5 cxd4 10. Nxd4 h6 11. Be3 Re8 12. Qa4 Bd7 13. Qb3 Na5 14. Qc2 Rc8 15.
Rad1 Bf8 16. Nf5 Re5 17. Nd4 Re8 18. Nf5 1/2-1/2

[Event "ENCI Limburg-open A"]
[Site "Maastricht"]
[Date "2009.05.31"]
[Round "4"]
[White "Verstraeten, Reinaert"]
[Black "Christensen, Klaus"]
[Result "1/2-1/2"]
[WhiteElo "1993"]
[BlackElo "2094"]
[PlyCount "127"]
[EventDate "2009.05.29"]
[EventType "swiss"]
[EventRounds "7"]
[EventCountry "NED"]
[Source "P.Boonen"]
[SourceDate "2010.01.01"]

1. e4 c5 2. Nc3 Nc6 3. f4 g6 4. Nf3 Bg7 5. Bb5 e6 6. Bxc6 dxc6 7. e5 Ne7 8. Ne4
O-O 9. Nxc5 b6 10. Ne4 c5 11. O-O Bb7 12. Nd6 Bc6 13. d3 Nf5 14. Nxf5 gxf5 15.
Be3 Qe7 16. Qe2 Rac8 17. d4 c4 18. Bd2 Rfd8 19. Bc3 b5 20. a3 Qb7 21. Qe1 Be4
22. Qf2 Qc7 23. Ng5 Bd5 24. Bb4 a5 25. Bd6 Qb7 26. c3 h6 27. Nf3 Qd7 28. Qh4
Kh7 29. Rae1 Rh8 30. Re3 Kg8 31. Ne1 Rh7 32. Rg3 Kh8 33. Be7 Rg8 34. Bf6 Qe8
35. Rf2 a4 36. Re2 Qf8 37. Be7 Qe8 38. Ree3 Bf8 39. Bf6+ Bg7 40. Rxg7 Rgxg7 41.
Rg3 Kg8 42. Bxg7 Rxg7 43. Qxh6 Rxg3 44. hxg3 Bb7 45. Qg5+ Kf8 46. g4 fxg4 47.
Qxg4 Qc6 48. Qf3 Qd7 49. Qe3 Ke7 50. Kf2 Qc8 51. Nf3 Qh8 52. f5 Bd5 53. Qg5+
Kd7 54. fxe6+ fxe6 55. Qg6 Qh1 56. Qf7+ Kc6 57. Qe8+ Kb6 58. Qd8+ Kc6 59. Qa5
Bxf3 60. Qa8+ Kc7 61. Qxf3 Qc1 62. Qf7+ Kd8 63. Qf6+ Kc7 64. Qe7+ 1/2-1/2

[Event "ENCI Limburg-open A"]
[Site "Maastricht"]
[Date "2009.05.31"]
[Round "4"]
[White "Wigger, Jochen"]
[Black "Noiroux, Kevin"]
[Result "1/2-1/2"]
[WhiteElo "2309"]
[BlackElo "2137"]
[PlyCount "117"]
[EventDate "2009.05.29"]
[EventType "swiss"]
[EventRounds "7"]
[EventCountry "NED"]
[Source "P.Boonen"]
[SourceDate "2010.01.01"]

1. Nf3 Nf6 2. g3 b5 3. Bg2 Bb7 4. d4 e6 5. O-O c5 6. c3 Be7 7. Nbd2 O-O 8. Re1
d5 9. Ne5 cxd4 10. cxd4 Nc6 11. Ndf3 Rc8 12. Nxc6 Bxc6 13. Bd2 a5 14. Ne5 Bb7
15. e3 Qb6 16. a3 Rc7 17. Rc1 Rxc1 18. Qxc1 b4 19. axb4 Bxb4 20. Bxb4 Qxb4 21.
Nd3 Qb6 22. Nc5 Bc6 23. Re2 Nd7 24. Rc2 Nxc5 25. Rxc5 Bb5 26. Qc3 g6 27. e4
dxe4 28. Bxe4 Rb8 29. d5 Bd7 30. Rxa5 Qxb2 31. Qxb2 Rxb2 32. Ra7 exd5 33. Bxd5
Be6 34. Bxe6 fxe6 35. Re7 Rb6 36. Kg2 h5 37. Kf3 Kf8 38. Rd7 Rb3+ 39. Kg2 Rb2
40. h4 Ra2 41. Kf3 Rb2 42. Ke3 Rb4 43. Rd4 Rb5 44. f3 Kf7 45. Ra4 Kf6 46. g4
hxg4 47. fxg4 Rb3+ 48. Kf4 e5+ 49. Ke4 Rh3 50. g5+ Ke6 51. Ra6+ Kf7 52. Kxe5
Rxh4 53. Ra7+ Kg8 54. Kf6 Rb4 55. Kxg6 Rb6+ 56. Kh5 Rc6 57. g6 Rc1 58. Kh6 Rh1+
59. Kg5 1/2-1/2

[Event "ENCI Limburg-open A"]
[Site "Maastricht"]
[Date "2009.05.31"]
[Round "4"]
[White "Wilschut, Peter"]
[Black "Schaeken, Yordi"]
[Result "1-0"]
[WhiteElo "2209"]
[BlackElo "2023"]
[PlyCount "75"]
[EventDate "2009.05.29"]
[EventType "swiss"]
[EventRounds "7"]
[EventCountry "NED"]
[Source "P.Boonen"]
[SourceDate "2010.01.01"]

1. c4 e6 2. g3 c5 3. Bg2 Nf6 4. Nf3 Qc7 5. O-O Be7 6. b3 d6 7. Bb2 Nbd7 8. d4
cxd4 9. Nxd4 a6 10. Nc3 O-O 11. Rc1 Re8 12. Qd2 Bf8 13. Rfd1 Rb8 14. h3 h6 15.
e3 Ne5 16. Kh2 Bd7 17. f4 Ng6 18. Ne4 Nxe4 19. Bxe4 e5 20. fxe5 Nxe5 21. Bg2
Rbd8 22. Rf1 Bc8 23. Ne2 b6 24. Nf4 Bb7 25. Nd5 Bxd5 26. Bxd5 Rd7 27. Rf2 Ree7
28. e4 Kh8 29. Bd4 Qd8 30. a4 Qb8 31. Qe3 b5 32. cxb5 axb5 33. a5 Kg8 34. Rfc2
Rc7 35. a6 Rxc2+ 36. Rxc2 Rc7 37. Rxc7 Qxc7 38. Qc3 1-0

[Event "ENCI Limburg-open A"]
[Site "Maastricht"]
[Date "2009.05.31"]
[Round "4"]
[White "Zaragatski, Ilja"]
[Black "Berg, Emanuel"]
[Result "0-1"]
[WhiteElo "2428"]
[BlackElo "2610"]
[PlyCount "80"]
[EventDate "2009.05.29"]
[EventType "swiss"]
[EventRounds "7"]
[EventCountry "NED"]
[Source "P.Boonen"]
[SourceDate "2010.01.01"]

1. Nf3 f5 2. d3 Nc6 3. e4 e5 4. Nc3 Nf6 5. exf5 d5 6. d4 Qe7 7. Be2 Bxf5 8.
dxe5 Nxe5 9. Nxd5 Nxf3+ 10. gxf3 Qe5 11. Nxf6+ Qxf6 12. c3 Bd6 13. Qa4+ c6 14.
Be3 O-O 15. O-O-O b5 16. Qd4 Be5 17. Qc5 Qe6 18. Qa3 Kh8 19. Qb3 Qe7 20. Bd3
Be6 21. Qc2 Bxa2 22. Bxh7 a5 23. f4 Bxf4 24. Rhe1 Qh4 25. Bg6 Bxe3+ 26. Rxe3
Rxf2 27. Qd3 Rxh2 28. Rde1 Qh6 29. Qd6 Bf7 30. Qxc6 Rg8 31. Be4 Qxc6 32. Bxc6
b4 33. Re7 Bg6 34. R1e2 Rxe2 35. Rxe2 Rc8 36. Rh2+ Kg8 37. Bd7 Rc7 38. Be6+ Bf7
39. Bxf7+ Kxf7 40. Kc2 bxc3 0-1

[Event "ENCI Limburg-open A"]
[Site "Maastricht"]
[Date "2009.05.31"]
[Round "4"]
[White "Zilverberg, Jasper"]
[Black "Braun, Christian1"]
[Result "0-1"]
[WhiteElo "2015"]
[BlackElo "2333"]
[PlyCount "82"]
[EventDate "2009.05.29"]
[EventType "swiss"]
[EventRounds "7"]
[EventCountry "NED"]
[Source "P.Boonen"]
[SourceDate "2010.01.01"]

1. c4 g6 2. g3 Bg7 3. Bg2 Nf6 4. Nc3 O-O 5. d3 d6 6. Bg5 c6 7. Qd2 Qb6 8. e4
Nbd7 9. O-O-O e5 10. Nge2 a5 11. Kb1 a4 12. f4 h6 13. fxe5 Nxe5 14. Be3 Qd8 15.
Bxh6 Bxh6 16. Qxh6 Nfg4 17. Qf4 g5 18. Qd2 Nf2 19. h4 Nxd1 20. Nxd1 Kg7 21. Ne3
Qa5 22. Qxa5 Rxa5 23. Kc2 Ng4 24. Nxg4 Bxg4 25. Nd4 Rh8 26. Bh3 Bxh3 27. Rxh3
Kg6 28. Nf5 Rxf5 29. exf5+ Kxf5 30. Rh1 Kg4 31. Re1 f5 32. hxg5 Kxg3 33. Re7 f4
34. Rxb7 f3 35. Rf7 f2 36. Kc3 c5 37. b4 axb3 38. axb3 Kg2 39. b4 f1=Q 40. Rxf1
Kxf1 41. bxc5 dxc5 0-1

[Event "ENCI Limburg-open A"]
[Site "Maastricht"]
[Date "2009.05.31"]
[Round "5"]
[White "Arnaudov, G Petar"]
[Black "Lambrechts, Koen"]
[Result "1/2-1/2"]
[WhiteElo "2449"]
[BlackElo "2174"]
[PlyCount "61"]
[EventDate "2009.05.29"]
[EventType "swiss"]
[EventRounds "7"]
[EventCountry "NED"]
[Source "P.Boonen"]
[SourceDate "2010.01.01"]

1. Nf3 d5 2. d4 Nf6 3. c4 c6 4. Qc2 g6 5. Bf4 Bg7 6. e3 O-O 7. Nc3 Be6 8. Qb3
Qc8 9. h3 dxc4 10. Bxc4 Bxc4 11. Qxc4 Nbd7 12. Rc1 b5 13. Qb4 Re8 14. O-O Qb7
15. Bh2 Bf8 16. d5 a6 17. dxc6 Qxc6 18. Qh4 Qb7 19. e4 e5 20. Nxe5 Nxe5 21.
Bxe5 Rxe5 22. Qxf6 Bg7 23. Qf4 Rae8 24. f3 Rc5 25. Nd5 Rxd5 26. exd5 Qxd5 27.
Rce1 Rxe1 28. Qb8+ Bf8 29. Rxe1 Qd4+ 30. Kh2 Kg7 31. Qc8 1/2-1/2

[Event "ENCI Limburg-open A"]
[Site "Maastricht"]
[Date "2009.05.31"]
[Round "5"]
[White "Arun Prasad, S."]
[Black "Op den Kelder, Joram"]
[Result "1-0"]
[WhiteElo "2552"]
[BlackElo "2265"]
[PlyCount "103"]
[EventDate "2009.05.29"]
[EventType "swiss"]
[EventRounds "7"]
[EventCountry "NED"]
[Source "P.Boonen"]
[SourceDate "2010.01.01"]

1. d4 d5 2. c4 dxc4 3. Nf3 Nf6 4. e3 e6 5. Bxc4 c5 6. O-O a6 7. Bb3 Nc6 8. Qe2
Be7 9. Rd1 cxd4 10. exd4 O-O 11. Nc3 Bd7 12. a3 Rc8 13. Ne5 Qb6 14. Ba2 Rfd8
15. Be3 Qc7 16. Nf3 Be8 17. Rac1 Qa5 18. h3 Qh5 19. Qf1 Qa5 20. Qe2 Qh5 21. Bf4
b5 22. Ne4 Qf5 23. Nxf6+ Bxf6 24. Be3 Be7 25. d5 exd5 26. Bb6 Rd6 27. Bc5 Re6
28. Qd2 Rd8 29. Bb6 Rb8 30. Bc7 Rb7 31. Bg3 Rd7 32. Bxd5 Rg6 33. b4 h5 34. Rc3
Rd8 35. Rd3 Rh6 36. h4 Bf8 37. Ng5 Be7 38. Rf3 Qg6 39. Bf4 Rh8 40. Rd3 Bxg5 41.
Bxg5 Rc8 42. Qf4 Na7 43. Bb7 Rc4 44. Qe3 f6 45. Qxa7 fxg5 46. Bd5+ Kh7 47. Bxc4
bxc4 48. Rd6 Qe4 49. hxg5 Bg6 50. Rd7 Rg8 51. Qc7 h4 52. R7d4 1-0

[Event "ENCI Limburg-open A"]
[Site "Maastricht"]
[Date "2009.05.31"]
[Round "5"]
[White "Becker, Martin Alexander"]
[Black "Dambacher, Martijn"]
[Result "1-0"]
[WhiteElo "2350"]
[BlackElo "2486"]
[PlyCount "81"]
[EventDate "2009.05.29"]
[EventType "swiss"]
[EventRounds "7"]
[EventCountry "NED"]
[Source "P.Boonen"]
[SourceDate "2010.01.01"]

1. d4 Nf6 2. c4 e6 3. Nc3 d5 4. cxd5 exd5 5. Bg5 Be7 6. e3 O-O 7. Bd3 Nbd7 8.
Qc2 Re8 9. Nf3 Nf8 10. O-O c6 11. h3 g6 12. Rab1 a5 13. Bh6 Nh5 14. a3 Ng7 15.
Bxg7 Kxg7 16. b4 Bd6 17. Rfe1 Ne6 18. Na4 axb4 19. axb4 h6 20. b5 Bd7 21. bxc6
bxc6 22. Rb2 Qa5 23. Rb7 Ng5 24. Reb1 Nxf3+ 25. gxf3 Qd8 26. f4 Bc8 27. Qxc6
Bxb7 28. Rxb7 Qf6 29. Nb6 Rxe3 30. fxe3 Ra1+ 31. Kg2 Ra2+ 32. Kf3 Qh4 33. Rxf7+
Kxf7 34. Bxg6+ Kg7 35. Qd7+ Be7 36. Nxd5 Qf2+ 37. Ke4 Qg2+ 38. Ke5 Kxg6 39.
Nxe7+ Kh5 40. Qe8+ Kh4 41. Nf5+ 1-0

[Event "ENCI Limburg-open A"]
[Site "Maastricht"]
[Date "2009.05.31"]
[Round "5"]
[White "Berg, Emanuel"]
[Black "Spoelman, Wouter"]
[Result "1/2-1/2"]
[WhiteElo "2610"]
[BlackElo "2512"]
[PlyCount "36"]
[EventDate "2009.05.29"]
[EventType "swiss"]
[EventRounds "7"]
[EventCountry "NED"]
[Source "P.Boonen"]
[SourceDate "2010.01.01"]

1. e4 c5 2. Nf3 d6 3. d4 cxd4 4. Nxd4 Nf6 5. Nc3 a6 6. Bg5 Nbd7 7. f4 Qc7 8.
Qf3 h6 9. Bh4 e5 10. Nf5 exf4 11. Bxf6 Nxf6 12. Qxf4 Bxf5 13. Qxf5 Be7 14.
O-O-O O-O 15. Bd3 Qc5 16. Rhe1 Rfe8 17. Qxc5 dxc5 18. Be2 Bf8 1/2-1/2

[Event "ENCI Limburg-open A"]
[Site "Maastricht"]
[Date "2009.05.31"]
[Round "5"]
[White "Braun, Christian1"]
[Black "Sundararajan, Kidambi"]
[Result "1/2-1/2"]
[WhiteElo "2333"]
[BlackElo "2487"]
[PlyCount "35"]
[EventDate "2009.05.29"]
[EventType "swiss"]
[EventRounds "7"]
[EventCountry "NED"]
[Source "P.Boonen"]
[SourceDate "2010.01.01"]

1. e4 c6 2. d4 d5 3. exd5 cxd5 4. Bd3 Nc6 5. c3 Qc7 6. h3 g6 7. Ne2 Bg7 8. Bf4
e5 9. dxe5 Nxe5 10. Bb5+ Bd7 11. Bxe5 Bxe5 12. Qxd5 O-O-O 13. Bxd7+ Rxd7 14.
Qb3 Nf6 15. O-O Ne4 16. Qa4 Re8 17. Na3 a6 18. Rad1 1/2-1/2